| 000 | 01029nam a2200205Ia 4500 | ||
|---|---|---|---|
| 999 |
_c43544 _d43544 |
||
| 001 | 10275 | ||
| 003 | GE_BSU | ||
| 005 | 20250312160519.0 | ||
| 008 | 181216s1970||||ge |||||||||||||| ||geo|| | ||
| 040 | _cGE_BSU | ||
| 041 | _ageo | ||
| 080 | _a | ||
| 100 |
_aტაბიძე, გალაკტიონ _924534 |
||
| 245 |
_aთხზულებანი თორმეტ ტომად : _bტ.8: პოემები / _cტომი გამოსაცემად მოამზადა ვარიანტ.და შენიშვნ.დაურთო ლუბა მეფარიშვილმა;სარედ.კოლეგია:გურამ გვერდწითელი;ალექსანდრე გომიაშვილი და სხვ. |
||
| 264 |
_aთბილისი. _bსაბჭ.საქართველო, _c1970. |
||
| 300 |
_a358 გვ; _b20 სმ. |
||
| 653 | _aთხზულებანი | ||
| 653 | _a პოემები | ||
| 942 |
_cBK _2udc |
||